|
|
|
|
| LEADER |
02708nam a2200673 4500 |
| 001 |
ocn883305174 |
| 003 |
OCoLC |
| 005 |
20170124072010.1 |
| 006 |
m o d |
| 007 |
cr ||||||||||| |
| 008 |
140708s2014 nju ob 001 0 eng |
| 010 |
|
|
|a 2014026672
|
| 040 |
|
|
|a DLC
|b eng
|e rda
|e pn
|c DLC
|d YDX
|d EBLCP
|d N$T
|d YDXCP
|d IDEBK
|d DG1
|d CDX
|d RECBK
|d E7B
|d DEBSZ
|d OCLCQ
|d COO
|d OCLCQ
|d DG1
|d GrThAP
|
| 019 |
|
|
|a 891381541
|a 927508982
|
| 020 |
|
|
|a 9781118845547
|q (epub)
|
| 020 |
|
|
|a 1118845544
|q (epub)
|
| 020 |
|
|
|a 9781118845356
|q (pdf)
|
| 020 |
|
|
|a 1118845358
|q (pdf)
|
| 020 |
|
|
|a 9781118845530
|
| 020 |
|
|
|a 1118845536
|
| 020 |
|
|
|a 1118496973
|q (hardback)
|
| 020 |
|
|
|a 9781118496978
|q (hardback)
|
| 020 |
|
|
|z 9781118496978
|q (hardback)
|
| 029 |
1 |
|
|a AU@
|b 000053548430
|
| 029 |
1 |
|
|a CHBIS
|b 010259796
|
| 029 |
1 |
|
|a CHNEW
|b 000710849
|
| 029 |
1 |
|
|a CHVBK
|b 325942706
|
| 029 |
1 |
|
|a DEBSZ
|b 43176025X
|
| 029 |
1 |
|
|a NZ1
|b 15909360
|
| 035 |
|
|
|a (OCoLC)883305174
|z (OCoLC)891381541
|z (OCoLC)927508982
|
| 042 |
|
|
|a pcc
|
| 050 |
0 |
0 |
|a TD192
|
| 072 |
|
7 |
|a TEC
|x 010000
|2 bisacsh
|
| 082 |
0 |
0 |
|a 628.028/4
|2 23
|
| 084 |
|
|
|a TEC021000
|a SCI026000
|2 bisacsh
|
| 049 |
|
|
|a MAIN
|
| 245 |
0 |
0 |
|a Nanomaterials for environmental protection /
|c edited by Boris I. Kharisov, Oxana V. Kharissova, H.V. Rasika Dias.
|
| 264 |
|
1 |
|a Hoboken, New Jersey :
|b Wiley,
|c 2014.
|
| 300 |
|
|
|a 1 online resource.
|
| 336 |
|
|
|a text
|b txt
|2 rdacontent
|
| 337 |
|
|
|a computer
|b n
|2 rdamedia
|
| 338 |
|
|
|a online resource
|b nc
|2 rdacarrier
|
| 520 |
|
|
|a "Provides an interdisciplinary approach to applying nanomaterials to disinfect water, air and soil while addressing possible environmental risks associated with nanoparticles. Remediation, toxicity, and nanoparticle structures are discussed"--
|c Provided by publisher.
|
| 504 |
|
|
|a Includes bibliographical references and index.
|
| 588 |
0 |
|
|a Print version record and CIP data provided by publisher.
|
| 650 |
|
0 |
|a Sanitary engineering
|x Equipment and supplies.
|
| 650 |
|
0 |
|a Environmental protection
|x Equipment and supplies.
|
| 650 |
|
0 |
|a Water
|x Purification
|x Materials.
|
| 650 |
|
0 |
|a Nanostructured materials.
|
| 650 |
|
0 |
|a Nanofiltration.
|
| 650 |
|
7 |
|a TECHNOLOGY & ENGINEERING
|x Material Science.
|2 bisacsh
|
| 650 |
|
7 |
|a SCIENCE
|x Environmental Science.
|2 bisacsh
|
| 655 |
|
4 |
|a Electronic books.
|
| 700 |
1 |
|
|a Kharisov, Boris I.
|
| 700 |
1 |
|
|a Kharissova, Oxana Vasilievna.
|
| 700 |
1 |
|
|a Dias, H. V. Rasika.
|
| 776 |
0 |
8 |
|i Print version:
|t Nanomaterials for environmental protection.
|d Hoboken, New Jersey : Wiley, 2014
|z 9781118496978
|w (DLC) 2014024693
|
| 856 |
4 |
0 |
|u https://doi.org/10.1002/9781118845530
|z Full Text via HEAL-Link
|
| 994 |
|
|
|a 92
|b DG1
|